| 000 | 01499nam a2200313 i 4500 | ||
|---|---|---|---|
| 001 | 000035675 | ||
| 003 | DO-SdBNP | ||
| 005 | 20260424104754.0 | ||
| 007 | ta | ||
| 008 | 111108s2011 dr a 000 0 spa d | ||
| 020 | _a9789945164336 | ||
| 040 |
_aDO-SdBNP _bspa _cBNPHU _erda |
||
| 041 | _aspa | ||
| 082 | 4 |
_aRD863.44 _bL864s _222 |
|
| 100 | 1 |
_aLópez Reyes, Oscar _eautor _4aut.. _9750 |
|
| 245 | 1 | 0 |
_aSoplos sin chimeneas : _bcuentos divertidos y poemas verdes / _cOscar López Reyes. |
| 264 | 4 |
_aSanto Domingo, República Dominicana : _bEditora Búho, _c©2011. |
|
| 300 |
_a102 páginas : _bilustraciones ; _c21 cm. |
||
| 336 |
_atexto _btxt _2rdacontent |
||
| 337 |
_asin mediación _bn _2rdamedia |
||
| 338 |
_avolumen _bnc _2rdacarrier |
||
| 500 | _aIncluye datos biográficos del autor en la solapa | ||
| 505 | _aPor la naturaleza página, 9 -- Prólogo, Margarita De Ferrari, 13 -- Una mosca y una avispa perturban a Serafín, 19 -- Barco hundido, dos buzos y muchos tiburones, 27 -- El carro de Sanguillín y los gritos de rebeca, 41 -- La mudanza de dos montañas… ¡animamea!, 53 -- La eco-seductora y los sobresaltos de Chepito, 71 -- Canto al bosque, 83 -- Montaña de libertad y vida, 86 -- Placidez y aliento, 92 -- Dulce siempre, 95 -- El Birán y las nostalgias del río, 97 | ||
| 590 | _aInventariado, 2026/DG | ||
| 650 | 7 |
_aCuentos dominicanos _2LEMB |
|
| 650 | 7 |
_aLiteratura dominicana _2LEMB |
|
| 910 | _aDG/Validado. Control de calidad MFF | ||
| 942 |
_2ddc _cLBS1 |
||
| 999 |
_c35166 _d35166 |
||